The design of modern steel bridges / (Record no. 547189)
[ view plain ]
| 000 -LEADER | |
|---|---|
| fixed length control field | 01035cam a22002777a 4500 |
| 020 ## - INTERNATIONAL STANDARD BOOK NUMBER | |
| International Standard Book Number | 0632055111 |
| 020 ## - INTERNATIONAL STANDARD BOOK NUMBER | |
| International Standard Book Number | 9780632055111 |
| 082 04 - DEWEY DECIMAL CLASSIFICATION NUMBER | |
| Classification number | 624.25 |
| Author Mark | CHA |
| -- | L-19, P-35 |
| 100 1# - MAIN ENTRY--PERSONAL NAME | |
| Personal name | Chatterjee, Sukhen. |
| 9 (RLIN) | 43366 |
| 245 14 - TITLE STATEMENT | |
| Title | The design of modern steel bridges / |
| Statement of responsibility, etc. | Sukhen Chatterjee. |
| 250 ## - EDITION STATEMENT | |
| Edition statement | 1st ed. |
| 260 ## - PUBLICATION, DISTRIBUTION, ETC. | |
| Place of publication, distribution, etc. | Oxford ; |
| -- | Malden, Mass. : |
| Name of publisher, distributor, etc. | Blackwell Science, |
| Date of publication, distribution, etc. | c1991. |
| 300 ## - PHYSICAL DESCRIPTION | |
| Extent | vi, 185 p. : |
| Other physical details | ill. ; |
| Dimensions | 25 cm. |
| 500 ## - GENERAL NOTE | |
| General note | Previous ed.: Oxford: BSP Professional, 1991. |
| 526 ## - STUDY PROGRAM INFORMATION NOTE | |
| Program name | 0 |
| Interest level | 0 |
| Reading level | 0 |
| Title point value | 624_250000000000000_CHA |
| 526 ## - STUDY PROGRAM INFORMATION NOTE | |
| Program name | 0 |
| Interest level | 0 |
| Reading level | 0 |
| Title point value | 624_250000000000000_CHA |
| 526 ## - STUDY PROGRAM INFORMATION NOTE | |
| Program name | 0 |
| Interest level | 0 |
| Reading level | 0 |
| Title point value | 624_250000000000000_CHA |
| 526 ## - STUDY PROGRAM INFORMATION NOTE | |
| Program name | 0 |
| Interest level | 0 |
| Reading level | 0 |
| Title point value | 624_250000000000000_CHA |
| 526 ## - STUDY PROGRAM INFORMATION NOTE | |
| Program name | 0 |
| Interest level | 0 |
| Reading level | 0 |
| Title point value | 624_250000000000000_CHA |
| 526 ## - STUDY PROGRAM INFORMATION NOTE | |
| Program name | 0 |
| Interest level | 0 |
| Reading level | 0 |
| Title point value | 624_250000000000000_CHA |
| 650 #0 - SUBJECT ADDED ENTRY--TOPICAL TERM | |
| Topical term or geographic name entry element | Iron and steel bridges |
| General subdivision | Design and construction. |
| 9 (RLIN) | 22830 |
| 650 #0 - SUBJECT ADDED ENTRY--TOPICAL TERM | |
| Topical term or geographic name entry element | MCE |
| 9 (RLIN) | 379 |
| 856 41 - ELECTRONIC LOCATION AND ACCESS | |
| Uniform Resource Identifier | <a href="http://www.loc.gov/catdir/toc/fy0714/2007277404.html">http://www.loc.gov/catdir/toc/fy0714/2007277404.html</a> |
| 856 42 - ELECTRONIC LOCATION AND ACCESS | |
| Uniform Resource Identifier | <a href="http://www.loc.gov/catdir/enhancements/fy0827/2007277404-d.html">http://www.loc.gov/catdir/enhancements/fy0827/2007277404-d.html</a> |
| 942 ## - ADDED ENTRY ELEMENTS (KOHA) | |
| Source of classification or shelving scheme | |
| Koha item type | Book |
| Withdrawn status | Lost status | Source of classification or shelving scheme | Damaged status | Not for loan | Permanent Location | Current Location | Date acquired | Total Checkouts | Full call number | Barcode | Date last seen | Price effective from | Koha item type |
|---|---|---|---|---|---|---|---|---|---|---|---|---|---|
| Military College of Engineering (MCE) | Military College of Engineering (MCE) | 07/04/2014 | 624.25 CHA | MCE-27087 | 07/04/2014 | 07/04/2014 | Book | ||||||
| Military College of Engineering (MCE) | Military College of Engineering (MCE) | 07/04/2014 | 624.25 CHA | MCE-27089 | 07/04/2014 | 07/04/2014 | Book | ||||||
| Military College of Engineering (MCE) | Military College of Engineering (MCE) | 07/04/2014 | 624.25 CHA | MCE-28431 | 07/04/2014 | 07/04/2014 | Book | ||||||
| Military College of Engineering (MCE) | Military College of Engineering (MCE) | 07/04/2014 | 624.25 CHA | MCE-29309 | 07/04/2014 | 07/04/2014 | Book | ||||||
| Military College of Engineering (MCE) | Military College of Engineering (MCE) | 07/04/2014 | 624.25 CHA | MCE-27088 | 07/04/2014 | 07/04/2014 | Book | ||||||
| Military College of Engineering (MCE) | Military College of Engineering (MCE) | 07/04/2014 | 624.25 CHA | MCE-29308 | 07/04/2014 | 07/04/2014 | Book |
